| 000 | 00592nam a2200205Ia 4500 | ||
|---|---|---|---|
| 003 | GCL | ||
| 008 | 140319s9999 xx 000 0 ara d | ||
| 040 |
_aGCL / _cGCL |
||
| 082 | 0 | 4 |
_a956.79159 _bد ع |
| 100 | 1 | _aدرية عونى | |
| 245 | 1 | 0 |
_aعرب واكراد خصام ام وئام / _cدرية عونى |
| 260 |
_a[S.N] : _bدار الهلال للطباعة والنشر ، _c1993 |
||
| 300 | _a227 ص | ||
| 490 | _a | ||
| 650 | 0 | 4 | _aالسياسة |
| 650 | 0 | 4 | _aالاقليات |
| 650 | 0 | 4 | _aالاكراد فى العراق |
| 650 | 0 | 4 | _aالاكراد |
| 942 |
_2ddc _cBK |
||
| 999 |
_c31223 _d31223 |
||